[Event "Cortina d'Ampezzo op 2nd"]
[Site "Cortina d'Ampezzo"]
[Date "2004.07.??"]
[Round "1"]
[White "Castaldo, Folco"]
[Black "Cetro, Carlo"]
[Result "1-0"]
[WhiteElo "2318"]
[BlackElo "2042"]
[PlyCount "81"]
[EventDate "2004.07.11"]
[EventType "swiss"]
[EventRounds "7"]
[EventCountry "ITA"]
[SourceTitle "CBM 101 Extra"]
[Source "ChessBase"]
[SourceDate "2004.09.01"]
[SourceVersion "2"]
[SourceVersionDate "2004.09.01"]
[SourceQuality "1"]

1. Nf3 f5 2. d3 Nf6 3. e4 d6 4. e5 dxe5 5. Nxe5 Nc6 6. Nxc6 bxc6 7. Nc3 e5 8. Be2 Bd6 9. Bh5+ Nxh5 10. Qxh5+ g6 11. Qf3 Bb7 12. h4 h5 13. Qg3 Kf7 14. Bg5 Qd7 15. 0-0-0 c5 16. f4 Rae8 17. Rhe1 e4 18. dxe4 fxe4 19. Qe3 Qf5 20. Nb5 Qe6 21. Qd2 Be7 22. Kb1 Bxg5 23. Nxc7 e3 24. Qa5 e2 25. Nxe6 exd1Q+ 26. Rxd1 Rxe6 27. fxg5 Rhe8 28. Qxc5 R8e7 29. b3 Re2 30. Qc4+ Kf8 31. Rd8+ Re8 32. Qc5+ Kf7 33. Rxe8 Rxe8 34. Qxa7 Re7 35. Qf2+ Ke8 36. g3 Be4 37. Kb2 Rc7 38. Qe2 Re7 39. a4 Kf8 40. Qf2+ Bf5 41. Qc5 1-0

[Event "Cortina d'Ampezzo op 2nd"]
[Site "Cortina d'Ampezzo"]
[Date "2004.07.??"]
[Round "5"]
[White "Rocchetti, Marco"]
[Black "Cetro, Carlo"]
[Result "0-1"]
[WhiteElo "1978"]
[BlackElo "2042"]
[PlyCount "60"]
[EventDate "2004.07.11"]
[EventType "swiss"]
[EventRounds "7"]
[EventCountry "ITA"]
[SourceTitle "CBM 101 Extra"]
[Source "ChessBase"]
[SourceDate "2004.09.01"]
[SourceVersion "2"]
[SourceVersionDate "2004.09.01"]
[SourceQuality "1"]

1. d4 f5 2. Bg5 c6 3. c3 d6 4. e3 Qc7 5. f4 g6 6. Nf3 Bg7 7. Qb3 h6 8. Bh4 Nd7 9. Bc4 d5 10. Be2 e6 11. Nbd2 Ndf6 12. Ne5 Ne7 13. Bxf6 Bxf6 14. 0-0-0 Bxe5 15. dxe5 b5 16. Bd3 Qb6 17. Rde1 Bd7 18. Qc2 c5 19. Nf3 0-0-0 20. h3 Kb8 21. Kb1 Rc8 22. Qd2 a5 23. g4 d4 24. exd4 c4 25. Be2 Bc6 26. Rhg1 Be4+ 27. Kc1 b4 28. gxf5 gxf5 29. Rg7 Nd5 30. Nh4 bxc3 0-1

[Event "Bratto op 20th"]
[Site "Bratto"]
[Date "2000.??.??"]
[Round "8"]
[White "Cetro, Carlo"]
[Black "Caruso, Daniele"]
[Result "0-1"]
[WhiteElo "2050"]
[BlackElo "2117"]
[PlyCount "146"]
[EventDate "2000.08.25"]
[EventType "swiss"]
[EventRounds "9"]
[EventCountry "ITA"]
[SourceTitle "EXT 2002"]
[Source "ChessBase"]
[SourceDate "2001.11.25"]
[SourceVersion "1"]
[SourceVersionDate "2001.11.25"]
[SourceQuality "1"]

1. c4 e5 2. g3 g6 3. Bg2 Bg7 4. Nc3 Nc6 5. e4 d6 6. Nge2 Be6 7. d3 Qd7 8. Nd5 Nce7 9. Nec3 c6 10. Ne3 f5 11. exf5 gxf5 12. Qa4 Nf6 13. Nc2 d5 14. Bg5 h6 15. Bxf6 Bxf6 16. cxd5 Nxd5 17. Nxd5 Bxd5 18. Bxd5 Qxd5 19. 0-0-0 a6 20. Qc4 0-0-0 21. Qxd5 Rxd5 22. Ne3 Bg5 23. Kb1 Bxe3 24. fxe3 Kd7 25. e4 fxe4 26. dxe4 Rd4 27. Rde1 Rf8 28. Re2 h5 29. Rg1 Ke6 30. Kc2 a5 31. a3 Rf3 32. Rd1 b5 33. Rg1 a4 34. Rd1 Kf6 35. Rde1 Kg5 36. Re3 Kg4 37. R1e2 Rf1 38. Rc3 Rdd1 39. Rd3 Rc1+ 40. Kd2 Rcd1+ 41. Kc3 Rxd3+ 42. Kxd3 Rf3+ 43. Kc2 Rb3 44. Kc1 Kf3 45. Rc2 Kxe4 46. Rxc6 Kf3 47. Rf6+ Ke3 48. Rf5 e4 49. Rxh5 Kf2 50. g4 Rf3 51. Re5 e3 52. h4 Rf4 53. g5 e2 54. Kd2 Rd4+ 55. Kc3 Rd1 56. Rf5+ Ke3 57. Re5+ Kf3 58. Kb4 Rd4+ 59. Kc3 Rd1 60. Kb4 e1Q+ 61. Rxe1 Rxe1 62. Kxb5 Rh1 63. Kxa4 Ke4 64. Kb5 Kd5 65. a4 Rxh4 66. g6 Rh8 67. g7 Rb8+ 68. Ka6 Kc6 69. Ka7 Rg8 70. b4 Rxg7+ 71. Ka6 Kc7 72. Ka7 Rg4 73. a5 Rxb4 0-1

[Event "Bratto op 20th"]
[Site "Bratto"]
[Date "2000.??.??"]
[Round "2"]
[White "Cetro, Carlo"]
[Black "Ranieri, Fabrizio"]
[Result "0-1"]
[WhiteElo "2050"]
[BlackElo "2165"]
[PlyCount "73"]
[EventDate "2000.08.25"]
[EventType "swiss"]
[EventRounds "9"]
[EventCountry "ITA"]
[SourceTitle "CBM 077 Extra"]
[Source "ChessBase"]
[SourceDate "2000.09.14"]
[SourceVersion "1"]
[SourceVersionDate "2000.09.14"]
[SourceQuality "1"]

1. c4 e6 2. Nc3 d5 3. d4 Nf6 4. Nf3 c6 5. cxd5 exd5 6. Bg5 Be7 7. e3 0-0 8. Bd3 Nbd7 9. 0-0 Re8 10. Rb1 Nf8 11. b4 a6 12. h3 Ng6 13. Qc2 Bd6 14. a4 h6 15. Bxf6 Qxf6 16. e4 Nh4 17. Nxh4 Qxh4 18. e5 Bc7 19. f4 Bd7 20. Ne2 Bb6 21. Rbd1 f6 22. a5 Ba7 23. Kh2 fxe5 24. dxe5 Re7 25. Ng3 Be3 26. Ne2 Rf8 27. e6 Bxe6 28. f5 Bd7 29. g4 Ba7 30. Nf4 Re3 31. Qd2 Rfe8 32. f6 Bb8 33. f7+ Kxf7 34. Bg6+ Kg8 35. Bxe8 Rxh3+ 36. Kg1 Ba7+ 37. Rf2 0-1

[Event "Bratto op 20th"]
[Site "Bratto"]
[Date "2000.??.??"]
[Round "1"]
[White "Marzano, Carlo"]
[Black "Cetro, Carlo"]
[Result "1/2-1/2"]
[WhiteElo "2236"]
[BlackElo "2050"]
[PlyCount "87"]
[EventDate "2000.08.25"]
[EventType "swiss"]
[EventRounds "9"]
[EventCountry "ITA"]
[SourceTitle "CBM 077 Extra"]
[Source "ChessBase"]
[SourceDate "2000.09.14"]
[SourceVersion "1"]
[SourceVersionDate "2000.09.14"]
[SourceQuality "1"]

1. d4 f5 2. e4 fxe4 3. Nc3 Nf6 4. g4 d5 5. g5 Ng8 6. f3 Bf5 7. fxe4 dxe4 8. Be3 e6 9. Nge2 Ne7 10. Bg2 Nd5 11. Qd2 Be7 12. h4 Nc6 13. Nxe4 Qd7 14. c4 Bxe4 15. Bxe4 Bb4 16. Nc3 Nxe3 17. Qxe3 Nxd4 18. 0-0-0 c5 19. Nb5 0-0-0 20. Nxa7+ Kb8 21. Nb5 e5 22. Nc3 Qc7 23. Nd5 Qd6 24. Rhf1 Rdf8 25. Rxf8+ Rxf8 26. h5 h6 27. Rg1 hxg5 28. a3 Ba5 29. Kb1 Bd8 30. Ka2 Qa6 31. Bd3 Qd6 32. Be4 Rh8 33. Bg6 Rf8 34. Re1 Nf3 35. Rf1 g4 36. Be4 Bg5 37. Qe2 Qa6 38. Bxf3 gxf3 39. Qxe5+ Ka7 40. b3 Bh6 41. Qc7 Qc6 42. Qa5+ Kb8 43. Qe1 Qd6 44. Qf2 1/2-1/2

[Event "Bratto op 18th"]
[Site "Bratto"]
[Date "1998.??.??"]
[Round "?"]
[White "Cetro, Carlo"]
[Black "Mascheroni, Maurizio"]
[Result "0-1"]
[WhiteElo "2190"]
[BlackElo "2020"]
[PlyCount "50"]
[EventDate "1998.??.??"]
[EventType "swiss"]
[EventRounds "9"]
[EventCountry "ITA"]
[SourceTitle "EXT 2000"]
[Source "ChessBase"]
[SourceDate "1999.11.16"]
[SourceVersion "1"]
[SourceVersionDate "1999.11.16"]
[SourceQuality "1"]

1. c4 Nf6 2. Nc3 e5 3. g3 Bb4 4. Bg2 0-0 5. Nf3 Nc6 6. 0-0 Re8 7. e3 d6 8. Qb3 Bxc3 9. Qxc3 d5 10. d3 dxc4 11. dxc4 Ne4 12. Qc2 Nc5 13. Rd1 Qe7 14. a3 e4 15. Nd4 Bg4 16. Nxc6 bxc6 17. Rd2 Nd3 18. Bxe4 Ne1 19. Bxh7+ Kh8 20. Qb1 Nf3+ 21. Kg2 Nxd2 22. Bxd2 Rad8 23. Bc1 Qe6 24. Bd3 Bh3+ 25. Kg1 Qe4 0-1